European Cities in European Languages - Statistics

General Stats
  • This quiz has been taken 65 times
  • The average score is 16 of 30
Answer Stats
English European % Correct
Rome Rom
93%
Rome Roma
89%
Athens Athen
85%
Rome Rome
85%
Brussels Brüssel
83%
London London
78%
Brussels Bruxelles
74%
London Londres
72%
London Londres
72%
Antwerp Antwerpen
69%
Bucharest Bukarest
59%
Edinburgh Edinburgh
57%
Bucharest Bucarest
56%
Bucharest Bucarest
56%
Moscow Moskau
56%
Krakow Krakau
50%
Warsaw Warschau
44%
Athens Athènes
41%
Krakow Cracovia
39%
Edinburgh Edinbourg
39%
Warsaw Varsovia
37%
Athens Atenas
35%
Moscow Moscou
33%
Moscow Moscú
33%
Warsaw Varsovie
31%
Antwerp Anvers
30%
Krakow Cracovie
30%
Edinburgh Edimburgo
28%
Brussels Bruselas
26%
Antwerp Amberes
17%
No matching quizzes found
Score Distribution
Percent of People with Each Score
Percentile by Number Answered
Your Score History
You have not taken this quiz